| 000 | 00836nam2a22002291 4500 | ||
|---|---|---|---|
| 001 | v19\rc\2080354 | ||
| 005 | 20250620032944.0 | ||
| 035 | _a(NLR Aleph) 005151198 | ||
| 090 |
_a4902123 _c4902123 |
||
| 100 | _a20081218d1911 |||y0rusy50 ca | ||
| 101 | 0 | _arus | |
| 102 | _aRU | ||
| 105 | _ay z ||||| | ||
| 200 | 1 | _aЧахотка и борьба с ней | |
| 210 |
_d[1911] _aБ. м. |
||
| 461 | 0 |
_1001v19\rc\2080353 _12001#$a"Наука и искусство"$eБиблиотека. № 1$v№ 1 _94902116 _cСанкт-Петербург _d[1911] _nНаука и искусство, О. Ривош и К° _oБиблиотека. № 1 _t"Наука и искусство" _v№ 1 |
|
| 700 | 1 |
_aЛондон _bЕ.С. |
|
| 801 | 0 |
_aRU _bNLR _gpsbo |
|
| 801 | 1 |
_aRU _bProSoft-M _2rusmarc |
|
| 852 |
_aNLR _j37.34.10.2 |
||
| 942 | _cBOOK | ||
| 980 | _aNB | ||